000 01671cam a2200253 4500
001 ##L131708
002 ##9237
008 051130n2006 000 0 eng u
035 _a(Sirsi) u131708
041 0 _aeng
050 0 4 _a627.4 $2 18
100 1 _aParrett, Mike
245 0 0 _aMike Parrett's guide to building pathology
_bdrainage and services
_h[video recording]
260 _aLondon
_bLimelite Media
_c2006
300 _a1 DVD (ca. 90 min.)
350 _a59.49
490 0 _aMike Parrett's Guide to Building Pathology
505 1 _aWho is responsible for road mains -- Under floor leaks in timber and solid floors -- Problems with hidden drainage in tower block -- Detecting mains leaks: chemical test, listening stick, mains access cover inspection, siphon test -- Methods for dealing with drains in-situ -- CCTV -- Water jetting -- Invert levels and sufficient falls -- Detecting services -- Discussion of pipe-bursting and impact-modelling -- Tree roots and over-planting -- Root cutters -- Pipe lining -- Discussion of re-rounding -- Health and safety issues -- Simple drain checks - flush test and pressure test -- Part H of Building Regulations -- Ground water measurement -- Flood drainage -- Sustainable Urban Drainage Systems
520 _aThis DVD explains how to discover whether drains or water supplies are leaking, where they are, who is responsible for them, and how they can be repaired. Includes case studies.
650 2 4 _aBUILDING REGULATIONS 2000 APPROVED DOCUMENT H (2002 EDITION)
690 _aENVIRONMENTAL AND LAND CONSULTANCY-WATER RESOURCE MANAGEMENT-DRAINAGE
690 _aBUILT ENVIRONMENT-BUILDING PATHOLOGY
942 _n0
999 _c104809
_d104809